Wszystkie Kluby Które Grały w Ekstraklasie - Statystyki

Ogólne statystyki
  • Ten quiz został rozwiązany 159 razy
  • Średni wynik to 44 z 96
Statystyki odpowiedzi
Ostatni sezon Nazwa Klubu % Poprawnych
2024/25 Legia Warszawa
98%
2024/25 Lechia Gdańsk
97%
2019/20 Arka Gdynia
96%
2024/25 Śląsk Wrocław
96%
2024/25 Pogoń Szczecin
95%
2024/25 GKS Katowice
94%
2024/25 Lech Poznań
94%
2023/24 ŁKS Łódź
94%
2024/25 Widzew Łódź
94%
2021/22 Wisła Kraków
94%
2024/25 Zagłębie Lubin
94%
2024/25 Górnik Zabrze
92%
2024/25 Motor Lublin
92%
2024/25 Jagiellonia Białystok
91%
2024/25 Cracovia Kraków
90%
2024/25 Raków Częstochowa
90%
2023/24 Ruch Chorzów
90%
2024/25 Korona Kielce
89%
2024/25 Piast Gliwice
88%
2012/13 Polonia Warszawa
88%
2024/25 Radomiak Radom
86%
2024/25 Stal Mielec
86%
2023/24 Warta Poznań
86%
2022/23 Miedź Legnica
85%
2024/25 Puszcza Niepołomice
84%
2022/23 Wisła Płock
82%
2014/15 Zawisza Bydgoszcz
81%
2010/11 Polonia Bytom
78%
2018/19 Zagłębie Sosnowiec
76%
1980/81 Odra Opole
75%
2020/21 Podbeskidzie Bielsko-Biała
74%
2021/22 Górnik Łęczna
73%
1975/76 Stal Rzeszów
71%
2005/06 Amica Wronki
70%
2021/22 Termalica Nieciecza
69%
2001/02 Stomil Olsztyn
68%
1996/97 GKS Tychy
66%
1996/97 Hutnik Kraków
66%
2014/15 GKS Bełchatów
62%
1938/39 Pogoń Lwów
60%
1955/56 Garbarnia Kraków
55%
1994/95 Stal Stalowa Wola
54%
1992/93 Szombierki Bytom
50%
2007/08 Dyskobolia Grodzisk Wielkopolski
47%
2009/10 Odra Wodzisław Śląski
46%
2002/03 KSZO Ostrowiec Świętokrzyski
42%
1988/89 GKS Jastrzębie
38%
1988/89 Górnik Wałbrzych
38%
1946/47 Pogoń Siedlce
38%
1995/96 Siarka Tarnobrzeg
38%
2003/04 Górnik Polkowice
34%
1976/77 ROW Rybnik
33%
1987/88 Bałtyk Gdynia
31%
1982/83 Gwardia Warszawa
30%
2000/01 Ruch Radzionków
30%
2002/03 Szczakowianka Jaworzno
26%
2003/04 Świt Nowy Dwór Mazowiecki
25%
2001/02 RKS Radomsko
24%
1932/33 Czarni Lwów
22%
1994/95 Olimpia Poznań
22%
1946/47 Skra Częstochowa
22%
1994/95 Sokół Pniewy
19%
1938/39 Warszawianka Warszawa
19%
2017/18 Sandencja Nowy Sącz
17%
1947/48 Tarnovia Tarnów
15%
1951/52 Wawel Kraków
15%
1973/74 Zagłębie Wałbrzych
15%
1928/29 Klub Turystów Łódź
14%
1928/29 1. FC Katowice
13%
1960/61 Polonia Bydgoszcz
13%
1937/38 Śmigły Wilno
13%
1958/59 Górnik Radlin
12%
1927/28 Hasmonea Lwów
11%
1953/54 AKS Chorzów
10%
1930/31 Lechia Lwów
10%
1964/65 Unia Racibórz
10%
1963/64 Arkonia Szczecin
9%
1927/28 TKS Toruń
9%
1936/37 Dąb Katowice
8%
1991/92 Iglopool Dębica
8%
1926/27 Jutrzenka Kraków
7%
1935/36 Śląsk Świętochłowice
7%
1946/47 Czuwaj Przemyśl
6%
1946/47 Gedania Gdańsk
6%
1932/33 Podgórze Kraków
4%
1947/48 Rymer Rybnik
4%
1929/30 ŁTSG Łódź
3%
1945/46 Burza Wrocław
2%
1946/47 Lublianka Lublin
2%
1946/47 Polonia Świdnica
2%
1946/47 Pomorzanin Toruń
2%
1946/47 Tęcza Kielce
2%
1933/34 WKS Siedlce
2%
1946/47 Glinik Gorlice
1%
1946/47 PKS Katowice
1%
1946/47 Warmia Olsztyn
1%
Nie znaleziono quizów pasujących do podanych kryteriów
Rozkład punktacji
Procent ludzi z każdym wynikiem
Percentyl według liczby udzielonych odpowiedzi
Twoja historia wyników
Nie rozwiązałeś tego quizu